[Event "Rated Blitz tournament xrqXcqhg"]
[Site "?"]
[Date "2021.06.20"]
[Round "?"]
[White "Lucho7"]
[Black "Robin_Good_chess"]
[Result "1/2-1/2"]
[WhiteElo "2422"]
[BlackElo "2402"]
[PlyCount "118"]
[EventDate "2021.??.??"]
[EventType "blitz"]

1. e4 e5 2. Nf3 Nc6 3. c3 d5 4. Qa4 Bd7 5. exd5 Nd4 6. Qd1 Nxf3+ 7. Qxf3 Nf6 8.
Bc4 e4 9. Qe2 Bd6 10. d4 O-O 11. h3 h6 12. O-O a6 13. a4 Re8 14. Be3 Rb8 15.
Nd2 b5 16. axb5 axb5 17. Bb3 Nh7 18. Qh5 f5 19. g3 Nf6 20. Qg6 Re7 21. Bf4 Bxf4
22. d6+ Re6 23. Bxe6+ Bxe6 24. gxf4 Qxd6 25. Rfe1 Qxf4 26. Nf1 Bf7 27. Qg3
Qxg3+ 28. Nxg3 g6 29. Ra7 c6 30. Rea1 f4 31. Ne2 g5 32. Ra8 Rxa8 33. Rxa8+ Kg7
34. Rc8 Bc4 35. Nc1 Bd5 36. b3 h5 37. c4 bxc4 38. bxc4 Bxc4 39. Rxc6 Bd5 40.
Rd6 g4 41. hxg4 hxg4 42. Ne2 f3 43. Ng3 Kf7 44. Nf5 Be6 45. Ne3 Ke7 46. Ra6 Nd5
47. Nxd5+ Bxd5 48. Kh2 e3 49. fxe3 f2 50. Ra1 Bc4 51. Kg2 g3 52. e4 Ke6 53. d5+
Ke5 54. Rd1 Bb5 55. Kxg3 f1=Q 56. Rxf1 Bxf1 57. Kf2 Bc4 58. d6 Kxd6 59. e5+
Kxe5 {Normal} 1/2-1/2

[Event "Rated Blitz game"]
[Site "?"]
[Date "2021.06.20"]
[Round "?"]
[White "Cachul"]
[Black "davideoli97"]
[Result "1-0"]
[WhiteElo "2386"]
[BlackElo "2407"]
[PlyCount "59"]
[EventDate "2021.??.??"]
[EventType "blitz"]

1. e4 e5 2. Nf3 Nc6 3. c3 d5 4. Bb5 dxe4 5. Nxe5 Qg5 6. Qa4 Nge7 7. Nxc6 bxc6
8. Bxc6+ Nxc6 9. Qxc6+ Kd8 10. Qxe4 Rb8 11. O-O Bb7 12. Qd4+ Bd6 13. f3 Re8 14.
d3 Qh5 15. Bf4 Re6 16. Nd2 Kc8 17. Bxd6 Rxd6 18. Qe3 Ba6 19. Nc4 Bxc4 20. dxc4
Rxb2 21. Rab1 Rdd2 22. Rxb2 Rxb2 23. Qxa7 Qg5 24. Qa8+ Rb8 25. Qa6+ Kd7 26.
Rd1+ Ke7 27. Qa7 Rb2 28. Qxc7+ Kf6 29. Qd6+ Kf5 30. Rd5# {Normal} 1-0

[Event "Rated Blitz game"]
[Site "?"]
[Date "2021.06.20"]
[Round "?"]
[White "khatkevich71"]
[Black "TheBigPhoenix"]
[Result "1-0"]
[WhiteElo "2462"]
[BlackElo "2408"]
[PlyCount "57"]
[EventDate "2021.??.??"]
[EventType "blitz"]

1. e4 e5 2. Nf3 Nc6 3. c3 f5 4. exf5 e4 5. Nd4 Nxd4 6. cxd4 d5 7. d3 Bxf5 8.
Nc3 Nf6 9. Bg5 Be7 10. Bxf6 Bxf6 11. dxe4 dxe4 12. d5 O-O 13. Bc4 Kh8 14. O-O
Be5 15. Qe2 Qh4 16. g3 Qh3 17. Nxe4 Bg4 18. f3 Bd4+ 19. Kh1 Bf5 20. d6 Rae8 21.
dxc7 Bb6 22. Qg2 Bxe4 23. fxe4 Qd7 24. Rxf8+ Rxf8 25. Rf1 Re8 26. Rf7 Qd4 27.
Bb5 Rc8 28. Rd7 Qxb2 29. Qxb2 {Normal} 1-0

[Event "Rated Blitz game"]
[Site "?"]
[Date "2021.06.20"]
[Round "?"]
[White "torynash"]
[Black "Jero_el_siniestro"]
[Result "0-1"]
[WhiteElo "2543"]
[BlackElo "2484"]
[PlyCount "58"]
[EventDate "2021.??.??"]
[EventType "blitz"]

1. e4 e5 2. Nf3 Nc6 3. c3 d5 4. Qa4 dxe4 5. Nxe5 Qd5 6. Nxc6 bxc6 7. Bc4 Qd6 8.
O-O Nf6 9. d4 Be7 10. Re1 O-O 11. g3 Bh3 12. Bf4 Qd7 13. Nd2 Bd6 14. Bg5 e3 15.
Bxe3 Ng4 16. Ne4 Qf5 17. Qxc6 Qf3 18. Bf1 Bxf1 19. Rxf1 Rae8 20. h3 Nxe3 21.
fxe3 Qxe4 22. Qxe4 Rxe4 23. Kf2 Rfe8 24. Rfe1 c5 25. Kf3 cxd4 26. cxd4 h6 27.
Rac1 R4e6 28. e4 Rg6 29. Kg2 Bxg3 {Normal} 0-1

[Event "Rated Blitz tournament 9AH7odx8"]
[Site "?"]
[Date "2021.06.20"]
[Round "?"]
[White "mars-3000"]
[Black "BogdanLalic"]
[Result "0-1"]
[WhiteElo "2206"]
[BlackElo "2593"]
[PlyCount "72"]
[EventDate "2021.??.??"]
[EventType "blitz"]

1. e4 e5 2. Nf3 Nc6 3. c3 Nf6 4. d4 Nxe4 5. d5 Ne7 6. Nxe5 Ng6 7. Nxg6 hxg6 8.
Bd3 Nc5 9. Bc2 d6 10. O-O Be7 11. Re1 O-O 12. b4 Nd7 13. Nd2 a5 14. Nf3 Nf6 15.
Bb2 Re8 16. a3 b5 17. Qd4 Bb7 18. Bb3 Qd7 19. h3 Bf8 20. Rad1 Rxe1+ 21. Rxe1
axb4 22. cxb4 Qf5 23. Qh4 Qh5 24. Bxf6 gxf6 25. Qxf6 Qh8 26. Qf4 Rxa3 27. Bc2
Ra1 28. Be4 Rxe1+ 29. Nxe1 Qa1 30. Kf1 Bg7 31. Qd2 Bc3 32. Qe2 Bxb4 33. g3 Bc3
34. h4 b4 35. h5 Bxe1 36. Qxe1 Ba6+ {Normal} 0-1

[Event "Rated Rapid game"]
[Site "?"]
[Date "2021.06.20"]
[Round "?"]
[White "BeTtA2004"]
[Black "Meowcatty"]
[Result "1-0"]
[WhiteElo "2584"]
[BlackElo "2396"]
[PlyCount "55"]
[EventDate "2021.??.??"]
[EventType "rapid"]

1. e4 e5 2. Nf3 Nc6 3. c3 Nf6 4. d4 d5 5. dxe5 Nxe4 6. Bb5 Bc5 7. O-O O-O 8.
Bxc6 bxc6 9. Nd4 Bd7 10. Be3 Qe7 11. f3 Ng5 12. f4 Ne4 13. Nd2 Nxd2 14. Qxd2 f6
15. e6 Bxd4 16. Bxd4 Bxe6 17. Rae1 Qd7 18. b4 Bf5 19. a4 a5 20. Bc5 Rfe8 21.
Rxe8+ Qxe8 22. Re1 Be4 23. c4 axb4 24. Qxb4 Qg6 25. g3 Qg4 26. Qb7 Re8 27. Qxc6
Qf3 28. Qxe8# {Normal} 1-0

[Event "Rated Blitz tournament koQQ3LtQ"]
[Site "?"]
[Date "2021.06.20"]
[Round "?"]
[White "Zayats71"]
[Black "Pfeiffenkopf"]
[Result "1-0"]
[WhiteElo "2691"]
[BlackElo "2209"]
[PlyCount "103"]
[EventDate "2021.??.??"]
[EventType "blitz"]

1. e4 e5 2. Nf3 Nc6 3. c3 Nf6 4. d4 exd4 5. e5 Nd5 6. Bb5 Be7 7. Nxd4 Nxd4 8.
Qxd4 c6 9. Bc4 Nb6 10. Bb3 O-O 11. O-O d5 12. exd6 Qxd6 13. Be3 Bf5 14. Nd2
Rad8 15. Nf3 Qg6 16. Qf4 Bd6 17. Qg5 h6 18. Qxg6 Bxg6 19. Rfe1 Rfe8 20. Rad1
Bf8 21. h3 Bh5 22. g4 Bg6 23. Bd4 Be4 24. Ne5 Bd5 25. Bxb6 axb6 26. Bxd5 Rxd5
27. Rxd5 cxd5 28. Kf1 Bd6 29. Nf3 Kf8 30. Rxe8+ Kxe8 31. Ke2 Bc5 32. Ne5 Ke7
33. f3 f6 34. Ng6+ Kf7 35. Nf4 g5 36. Nxd5 Ke6 37. Ne3 b5 38. Ng2 b4 39. cxb4
Bxb4 40. h4 Ke5 41. h5 f5 42. gxf5 Kxf5 43. Ne3+ Ke5 44. Ng4+ Kf4 45. Nxh6 Bf8
46. Ng4 Bg7 47. b4 b5 48. h6 Bh8 49. Nf2 Bc3 50. h7 Kf5 51. Ne4 Kg6 52. Nxc3 {
Normal} 1-0

[Event "Rated Rapid game"]
[Site "?"]
[Date "2021.06.20"]
[Round "?"]
[White "BeTtA2004"]
[Black "Darth_Vader8"]
[Result "0-1"]
[WhiteElo "2585"]
[BlackElo "2610"]
[PlyCount "76"]
[EventDate "2021.??.??"]
[EventType "rapid"]

1. e4 e5 2. Nf3 Nc6 3. c3 d5 4. Qa4 Qd6 5. exd5 Qxd5 6. Bc4 Qd6 7. d4 exd4 8.
O-O Nf6 9. Re1+ Be7 10. Nxd4 O-O 11. Nxc6 bxc6 12. Bf4 Qd8 13. Na3 Bd7 14. Rad1
Bc5 15. Qa5 Bb6 16. Qg5 h6 17. Qh4 g5 18. Qxh6 gxf4 19. Qg6+ Kh8 20. Bxf7 Nh7
21. Bb3 Qf6 22. Qh5 Bf5 23. Nc4 Qg5 24. Qxg5 Nxg5 25. Ne5 Ne4 26. Re2 Rfe8 27.
Nf7+ Kg7 28. Kf1 f3 29. gxf3 Bh3+ 30. Ke1 Nxf2 31. Rdd2 Rxe2+ 32. Rxe2 Nd3+ 33.
Kd2 Nf4 34. Re4 Nd5 35. Ne5 Nf6 36. Rh4 Rd8+ 37. Kc2 Bf5+ 38. Kc1 Be3# {Normal}
0-1

[Event "Rated Blitz game"]
[Site "?"]
[Date "2021.06.20"]
[Round "?"]
[White "pd2001"]
[Black "Capitan-FE"]
[Result "1-0"]
[WhiteElo "2335"]
[BlackElo "2440"]
[PlyCount "89"]
[EventDate "2021.??.??"]
[EventType "blitz"]

1. e4 e5 2. Nf3 Nc6 3. c3 Nf6 4. d4 exd4 5. e5 Ne4 6. Qe2 Nc5 7. cxd4 Ne6 8. d5
Ncd4 9. Nxd4 Nxd4 10. Qe4 Bc5 11. Be3 Bb4+ 12. Nc3 c5 13. Bxd4 cxd4 14. Qxd4
Bxc3+ 15. Qxc3 O-O 16. d6 Re8 17. Bc4 Qg5 18. O-O b5 19. Bd5 Rb8 20. f4 b4 21.
Qc4 Qf5 22. Be4 Qe6 23. Qc7 Ba6 24. Rfc1 Rbc8 25. Qxa7 Bc4 26. b3 Bd5 27. Qd4
Bxe4 28. Qxe4 Qxd6 29. Rxc8 Qb6+ 30. Kh1 Rxc8 31. Rd1 Qf2 32. Qb7 Rf8 33. Qxb4
Qxa2 34. h3 h5 35. Rxd7 Qf2 36. Qd2 Qf1+ 37. Kh2 h4 38. Rd8 Qa6 39. Rxf8+ Kh7
40. Rd8 Qb6 41. Qd3+ g6 42. Rd7 Qxb3 43. Qxb3 Kh6 44. Qxf7 Kh5 45. Qh7# {Normal
} 1-0

[Event "Rated Blitz game"]
[Site "?"]
[Date "2021.06.20"]
[Round "?"]
[White "Bibekthing"]
[Black "qwe_asd"]
[Result "1-0"]
[WhiteElo "2473"]
[BlackElo "2418"]
[PlyCount "125"]
[EventDate "2021.??.??"]
[EventType "blitz"]

1. e4 e5 2. Nf3 Nc6 3. c3 d5 4. Qa4 Nge7 5. Nxe5 dxe4 6. Nxc6 Nxc6 7. Bb5 Qd5
8. O-O Bd7 9. d4 exd3 10. Rd1 Bc5 11. Rxd3 Qf5 12. Be3 Bd6 13. Rd1 O-O 14. Na3
Rfe8 15. Nc4 Be7 16. Rxd7 Qxd7 17. Ne5 Qe6 18. Nxc6 bxc6 19. Bxc6 Red8 20. Bxa8
Rxa8 21. Rd1 h6 22. b3 a5 23. h3 Bf6 24. c4 c6 25. b4 Qxc4 26. a3 Qb5 27. Qxb5
cxb5 28. Rd5 axb4 29. axb4 Rb8 30. g3 h5 31. Kg2 g6 32. Kf3 Kg7 33. Ke4 Rb7 34.
Rd6 Be7 35. Rd5 f5+ 36. Kd3 Bxb4 37. Bd4+ Kf7 38. Rd8 Be7 39. Rh8 b4 40. Rh7+
Ke6 41. Kc2 b3+ 42. Kb1 Rd7 43. Bb2 Rd5 44. Bc3 Bc5 45. f4 Bf2 46. g4 hxg4 47.
hxg4 Be3 48. gxf5+ Kxf5 49. Be5 Bxf4 50. Bxf4 Kxf4 51. Kb2 Rd3 52. Rf7+ Kg4 53.
Rb7 Rd6 54. Rc7 g5 55. Rb7 Kf5 56. Kxb3 Kf6 57. Rb5 g4 58. Rg5 Re6 59. Rxg4 Ke7
60. Rf4 Kd6 61. Rd4+ Ke5 62. Rd3 Ke4 63. Kc2 {Time forfeit} 1-0

[Event "Rated Blitz game"]
[Site "?"]
[Date "2021.06.20"]
[Round "?"]
[White "wallie666"]
[Black "NebilSelami"]
[Result "0-1"]
[WhiteElo "2449"]
[BlackElo "2289"]
[PlyCount "86"]
[EventDate "2021.??.??"]
[EventType "blitz"]

1. e4 e5 2. Nf3 Nc6 3. c3 d5 4. Qa4 Nf6 5. Nxe5 Bd6 6. Nxc6 bxc6 7. exd5 O-O 8.
d4 Nxd5 9. Be2 Re8 10. Qd1 Qh4 11. Kf1 a5 12. c4 Ba6 13. Nc3 Nb6 14. b3 Bb4 15.
Bb2 Rad8 16. Nb1 c5 17. a3 Nxc4 18. bxc4 Bxc4 19. Bxc4 Re1+ 20. Qxe1 Bxe1 21.
Kxe1 Qe4+ 22. Kf1 Qc2 23. Nd2 Qxb2 24. Rd1 Rxd4 25. Ke1 Qxa3 26. Be2 c4 27.
Nxc4 Rxd1+ 28. Bxd1 Qb4+ 29. Nd2 a4 30. Bxa4 Qxa4 31. Ke2 Qb5+ 32. Kf3 Qf5+ 33.
Ke2 Qg4+ 34. Ke3 Qxg2 35. Rb1 h5 36. Nf3 Qg4 37. Rc1 Qe6+ 38. Kf4 f6 39. Kg3 g5
40. Kg2 h4 41. Rxc7 h3+ 42. Kf1 Qa6+ 43. Ke1 Qa5+ {Normal} 0-1

[Event "Rated Blitz tournament OkwESvXa"]
[Site "?"]
[Date "2021.06.20"]
[Round "?"]
[White "Medion72"]
[Black "oguzertekin8"]
[Result "1-0"]
[WhiteElo "2430"]
[BlackElo "2209"]
[PlyCount "81"]
[EventDate "2021.??.??"]
[EventType "blitz"]

1. e4 e5 2. Nf3 Nc6 3. c3 d5 4. Qa4 dxe4 5. Nxe5 Bd7 6. Nxd7 Qxd7 7. Qxe4+ Qe7
8. Qxe7+ Bxe7 9. Bb5 Nf6 10. Bxc6+ bxc6 11. O-O O-O-O 12. d4 c5 13. dxc5 Bxc5
14. Bg5 Rhe8 15. Nd2 h6 16. Bxf6 Rxd2 17. Bxg7 Ree2 18. Bd4 Bxd4 19. cxd4 Rxb2
20. a4 Ra2 21. Rxa2 Rxa2 22. g3 Rxa4 23. Re1 Rxd4 24. Re7 Kb7 25. Rxf7 a5 26.
Rf5 a4 27. Ra5 Kb6 28. Ra8 Kb7 29. Ra5 Kb6 30. Ra8 c5 31. f4 Rb4 32. f5 Kb7 33.
Ra5 Kb6 34. Ra8 Kb7 35. Re8 c4 36. f6 Rb6 37. f7 Rf6 38. f8=Q Rxf8 39. Rxf8 c3
40. Rf3 c2 41. Rc3 {Normal} 1-0

[Event "Rated Blitz game"]
[Site "?"]
[Date "2021.06.20"]
[Round "?"]
[White "eduardo_tunguia"]
[Black "Fairy_ChessPlayer"]
[Result "1-0"]
[WhiteElo "2405"]
[BlackElo "2368"]
[PlyCount "111"]
[EventDate "2021.??.??"]
[EventType "blitz"]

1. e4 e5 2. Nf3 Nc6 3. c3 d5 4. d3 dxe4 5. dxe4 Qxd1+ 6. Kxd1 f6 7. Be3 Bd7 8.
Kc2 O-O-O 9. Nbd2 Nge7 10. Bc4 Ng6 11. g3 Bd6 12. b4 Rhe8 13. a4 Be6 14. Bb5 a6
15. Be2 Kd7 16. Rhd1 Ke7 17. Nc4 Nf8 18. Rd2 Kf7 19. Rad1 Be7 20. b5 Nb8 21.
Na5 axb5 22. axb5 b6 23. Nc6 Rxd2+ 24. Rxd2 Nxc6 25. bxc6 Rd8 26. Rxd8 Bxd8 27.
Nd2 Be7 28. Bc4 Bd6 29. f4 Bxc4 30. Nxc4 Ke7 31. f5 h6 32. g4 Nh7 33. h4 Nf8
34. Kb3 Bc5 35. Bxc5+ bxc5 36. Ka4 g6 37. Kb5 gxf5 38. gxf5 Kd8 39. Kxc5 Ke7
40. Kd5 Kd8 41. Ne3 Ke7 42. Ng4 h5 43. Nh6 Nh7 44. c4 Nf8 45. Kc5 Nh7 46. Kb5
Kd6 47. c5+ Ke7 48. Ka6 Kd8 49. Kb7 Nf8 50. Ng8 Nh7 51. Kb8 Ng5 52. hxg5 h4 53.
gxf6 Ke8 54. Nh6 h3 55. Ng4 Kf7 56. Kxc7 {Normal} 1-0

[Event "Rated Blitz game"]
[Site "?"]
[Date "2021.06.20"]
[Round "?"]
[White "grand_witch"]
[Black "JakobVangGlud"]
[Result "0-1"]
[WhiteElo "2396"]
[BlackElo "2544"]
[PlyCount "66"]
[EventDate "2021.??.??"]
[EventType "blitz"]

1. e4 e5 2. Nf3 Nc6 3. c3 Nf6 4. d4 Nxe4 5. d5 Ne7 6. Nxe5 Ng6 7. Nxg6 hxg6 8.
Bd3 Nc5 9. Bc2 d6 10. O-O Qh4 11. h3 Bxh3 12. Qd4 Bg4 13. f3 Bf5 14. Qxh4 Rxh4
15. Re1+ Kd7 16. Bxf5+ gxf5 17. g3 Rh5 18. Na3 Be7 19. g4 fxg4 20. fxg4 Rh4 21.
Rxe7+ Kxe7 22. Bg5+ f6 23. Bxh4 Rh8 24. Bf2 Nd3 25. Nc4 b5 26. Na5 Kd7 27. Nc6
a6 28. b3 g5 29. Rd1 Rh1+ 30. Kxh1 Nxf2+ 31. Kg2 Nxd1 32. Nb4 Nxc3 33. Kf3 a5 {
Normal} 0-1

[Event "Rated Blitz tournament 9AH7odx8"]
[Site "?"]
[Date "2021.06.20"]
[Round "?"]
[White "Fumitoks"]
[Black "zipper_the_fly"]
[Result "1-0"]
[WhiteElo "2418"]
[BlackElo "2372"]
[PlyCount "79"]
[EventDate "2021.??.??"]
[EventType "blitz"]

1. e4 e5 2. Nf3 Nc6 3. c3 Nf6 4. d4 Nxe4 5. d5 Ne7 6. Nxe5 Nd6 7. Bd3 Ng6 8.
Nxg6 hxg6 9. Nd2 Be7 10. Nf3 b6 11. c4 Bb7 12. Qe2 Kf8 13. h4 Bf6 14. g3 c6 15.
Bf4 Qc7 16. O-O Re8 17. Qd2 c5 18. Rae1 Be7 19. Re2 Bf6 20. Rxe8+ Kxe8 21. Re1+
Kd8 22. Qc2 Kc8 23. Nd2 Bd4 24. Ne4 Nxe4 25. Bxc7 Bxf2+ 26. Kg2 Bxe1 27. Bxe4
Kxc7 28. d6+ Kxd6 29. Bxb7 Re8 30. Bf3 Re5 31. Qd3+ Ke7 32. Bg4 f5 33. Bf3 Bb4
34. a3 Ba5 35. Bd1 a6 36. Ba4 d6 37. Bd1 Re4 38. Bf3 Rd4 39. Qe3+ Kf6 40. Bd5 {
Normal} 1-0

[Event "Rated Blitz tournament TolWHUEl"]
[Site "?"]
[Date "2021.06.20"]
[Round "?"]
[White "josuexp"]
[Black "Allon555"]
[Result "0-1"]
[WhiteElo "2482"]
[BlackElo "2264"]
[PlyCount "44"]
[EventDate "2021.??.??"]
[EventType "blitz"]

1. e4 e5 2. Nf3 Nc6 3. c3 Nf6 4. d4 Nxe4 5. d5 Ne7 6. Nxe5 Ng6 7. Nxg6 hxg6 8.
Bd3 Nf6 9. O-O Bd6 10. Re1+ Kf8 11. h3 Nxd5 12. Bxg6 Qf6 13. Qxd5 Qxg6 14. Na3
c6 15. Qf3 Bc7 16. Bf4 d6 17. Nc4 Bf5 18. Nxd6 Bxd6 19. Bxd6+ Kg8 20. Rad1 Rxh3
21. Bg3 Rh5 22. Rd6 Qh7 {Time forfeit} 0-1

[Event "Rated Blitz game"]
[Site "?"]
[Date "2021.06.19"]
[Round "?"]
[White "Kingsmission"]
[Black "gaichess"]
[Result "1-0"]
[WhiteElo "2434"]
[BlackElo "2420"]
[PlyCount "69"]
[EventDate "2021.??.??"]
[EventType "blitz"]

1. e4 e5 2. Nf3 Nc6 3. c3 Nf6 4. d4 Nxe4 5. d5 Ne7 6. Nxe5 Ng6 7. Qd4 Qe7 8.
Qxe4 Qxe5 9. Qxe5+ Nxe5 10. Be2 d6 11. Be3 Bf5 12. Na3 O-O-O 13. Nb5 a6 14. Nd4
Bg6 15. h4 h6 16. h5 Bh7 17. O-O-O Be7 18. Rde1 Bf6 19. f4 Nd3+ 20. Bxd3 Bxd3
21. Kd2 Be4 22. Rhg1 Bxd5 23. b3 Rde8 24. g4 Re4 25. Nc2 Rhe8 26. g5 hxg5 27.
fxg5 Be5 28. h6 Rh8 29. Kd3 Rh4 30. hxg7 Bxg7 31. Nd4 c5 32. Ne2 Be4+ 33. Kd2
Rh2 34. Bf4 Bf3 35. Bxh2 {Normal} 1-0

[Event "Rated Blitz game"]
[Site "?"]
[Date "2021.06.19"]
[Round "?"]
[White "eduardo_tunguia"]
[Black "purepecha1"]
[Result "0-1"]
[WhiteElo "2370"]
[BlackElo "2407"]
[PlyCount "130"]
[EventDate "2021.??.??"]
[EventType "blitz"]

1. e4 e5 2. Nf3 Nc6 3. c3 Nf6 4. d3 d5 5. Qc2 d4 6. c4 Nd7 7. a3 a5 8. Be2 Nc5
9. Bg5 Be7 10. Bxe7 Qxe7 11. Nbd2 a4 12. O-O Bg4 13. Rfe1 Bxf3 14. Bxf3 Na5 15.
g3 h5 16. h4 g5 17. hxg5 Qxg5 18. Bg2 h4 19. Nf3 Qg4 20. Nxh4 Rxh4 21. gxh4 Ke7
22. f3 Qxh4 23. Rad1 Rh8 24. Qf2 Qh2+ 25. Kf1 Ne6 26. Qg1 Qf4 27. Re2 Nb3 28.
Kf2 Nbc5 29. Bf1 Ng5 30. Bg2 Rh2 31. Ke1 Nb3 32. Qf2 Rxg2 33. Qxg2 Nxf3+ 34.
Kf1 Nbd2+ 35. Rdxd2 Nxd2+ 36. Kg1 Nf3+ 37. Kf1 c5 38. Qf2 Kd6 39. Kg2 Nh4+ 40.
Kh3 Ng6 41. Kg2 Qg4+ 42. Kf1 Nf4 43. Rd2 Qh3+ 44. Kg1 Kc6 45. Qf1 Qe3+ 46. Rf2
Nh3+ 47. Kg2 Nxf2 48. Qxf2 Qxf2+ 49. Kxf2 b5 50. cxb5+ Kxb5 51. Ke2 c4 52. Kd2
Kc5 53. Kc2 cxd3+ 54. Kxd3 f5 55. exf5 Kd5 56. b4 axb3 57. a4 e4+ 58. Kd2 e3+
59. Kd3 b2 60. Kc2 e2 61. Kxb2 e1=Q 62. Ka3 Qc3+ 63. Ka2 d3 64. f6 d2 65. a5
d1=Q {Normal} 0-1

[Event "Rated Blitz tournament iTNeXC2F"]
[Site "?"]
[Date "2021.06.19"]
[Round "?"]
[White "maratgil"]
[Black "RussianGrossKiller"]
[Result "0-1"]
[WhiteElo "2360"]
[BlackElo "2511"]
[PlyCount "126"]
[EventDate "2021.??.??"]
[EventType "blitz"]

1. e4 e5 2. Nf3 Nc6 3. c3 Nf6 4. d4 exd4 5. e5 Nd5 6. cxd4 d6 7. Nc3 Nxc3 8.
bxc3 dxe5 9. d5 Ne7 10. Bc4 Ng6 11. h4 Bd6 12. h5 Ne7 13. h6 g6 14. Bg5 Bg4 15.
Bf6 Rg8 16. Rh4 Bxf3 17. Qxf3 Qd7 18. Rb1 O-O-O 19. Bb5 Qf5 20. Qxf5+ gxf5 21.
Ra4 a6 22. Bd3 e4 23. Be2 Rxg2 24. c4 Rg1+ 25. Bf1 Rdg8 26. Bxe7 Bxe7 27. Ke2
Bc5 28. Ra3 f4 29. Bh3+ Kb8 30. Rab3 Rxb1 31. Rxb1 f3+ 32. Kd2 Bxf2 33. Bf5 e3+
34. Kd3 e2 35. Bxh7 Rh8 36. Be4 Rxh6 37. Bxf3 e1=Q 38. Rxe1 Bxe1 39. Kc2 Rh2+
40. Kb1 Bc3 41. Bd1 Rb2+ 42. Kc1 Rxa2 43. d6 Ra1+ 44. Kc2 Rxd1 45. dxc7+ Kc8
46. Kxd1 Kxc7 47. Kc2 Be5 48. c5 Kc6 49. Kb1 Kxc5 50. Ka2 Kc4 51. Kb1 Kb3 52.
Kc1 a5 53. Kd1 a4 54. Ke2 a3 55. Kf3 a2 56. Ke4 a1=Q 57. Kf5 Bb8 58. Ke4 Qe5+
59. Kf3 Qf4+ 60. Ke2 Kc2 61. Ke1 Qh2 62. Kf1 Ba7 63. Ke1 Qf2# {Normal} 0-1

[Event "Rated Blitz tournament j9qMs1Ru"]
[Site "?"]
[Date "2021.06.19"]
[Round "?"]
[White "Buddy15"]
[Black "MRMANiA"]
[Result "0-1"]
[WhiteElo "2253"]
[BlackElo "2456"]
[PlyCount "116"]
[EventDate "2021.??.??"]
[EventType "blitz"]

1. e4 e5 2. Nf3 Nc6 3. c3 Nf6 4. d4 Nxe4 5. Bd3 d5 6. dxe5 Bg4 7. Bf4 Be7 8.
Qa4 Bxf3 9. gxf3 Nc5 10. Qc2 d4 11. Bb5 O-O 12. O-O dxc3 13. bxc3 Qd5 14. Qe2
Qe6 15. Nd2 Rad8 16. Bc4 Qf5 17. Bg3 Ne6 18. Rad1 Nf4 19. Qe4 Nh3+ 20. Kg2 Qxe4
21. Nxe4 Ng5 22. Nxg5 Bxg5 23. f4 Be7 24. f5 Rxd1 25. Rxd1 Rd8 26. Rxd8+ Bxd8
27. e6 fxe6 28. fxe6 Kf8 29. f4 Bf6 30. f5 Be5 31. Bd5 Bxg3 32. hxg3 Nd8 33.
Kf3 c6 34. Be4 Ke7 35. Kf4 Kf6 36. g4 h6 37. a4 g6 38. a5 gxf5 39. gxf5 b6 40.
axb6 axb6 41. c4 b5 42. Bd3 b4 43. Bc2 Nb7 44. Ke3 h5 45. Kd4 h4 46. Be4 h3 47.
Bxc6 Nd6 48. Bf3 Nxf5+ 49. Kc5 b3 50. Kc6 b2 51. Be4 h2 52. Bxf5 h1=Q+ 53. Kd7
Kxf5 54. e7 Qd1+ 55. Kc7 Qe2 56. Kd7 b1=Q 57. e8=Q Qb7+ 58. Kd6 Qxe8 {Normal}
0-1

[Event "Rated Blitz game"]
[Site "?"]
[Date "2021.06.19"]
[Round "?"]
[White "magos33"]
[Black "Danya-Khalimov_2004"]
[Result "1-0"]
[WhiteElo "2359"]
[BlackElo "2422"]
[PlyCount "61"]
[EventDate "2021.??.??"]
[EventType "blitz"]

1. e4 e5 2. Nf3 Nc6 3. c3 d5 4. Qa4 Nf6 5. Nxe5 Nxe4 6. Nxc6 Qd7 7. Bb5 Nc5 8.
Ne5 Nxa4 9. Nxd7 Bxd7 10. Bxd7+ Kxd7 11. O-O Nc5 12. d4 Nd3 13. Nd2 Nxc1 14.
Raxc1 Bd6 15. Nf3 c6 16. Rfe1 Rae8 17. Kf1 f6 18. h3 Bf4 19. Rxe8 Rxe8 20. Re1
Rxe1+ 21. Kxe1 Bc1 22. b3 Bb2 23. Kd2 Ke6 24. Ne1 a5 25. Nd3 Ba3 26. b4 axb4
27. cxb4 b6 28. Kc3 c5 29. dxc5 bxc5 30. Nxc5+ Kd6 31. Nd3 {Normal} 1-0

[Event "Rated Blitz game"]
[Site "?"]
[Date "2021.06.19"]
[Round "?"]
[White "MisterMarple1963"]
[Black "Akadoc"]
[Result "1-0"]
[WhiteElo "2449"]
[BlackElo "2356"]
[PlyCount "49"]
[EventDate "2021.??.??"]
[EventType "blitz"]

1. e4 e5 2. Nf3 Nc6 3. c3 Nf6 4. d4 exd4 5. e5 Ne4 6. Qe2 Nc5 7. cxd4 Ne6 8. d5
Ned4 9. Qe4 Nxf3+ 10. gxf3 Ne7 11. d6 Nc6 12. Nc3 g6 13. Nd5 Bg7 14. Nxc7+ Kf8
15. Nxa8 Nxe5 16. Nc7 Qf6 17. Nd5 Nxf3+ 18. Ke2 Nd4+ 19. Kd1 Qxd6 20. Be3 Ne6
21. Rc1 Qb8 22. Bg2 b6 23. Qb4+ d6 24. Rxc8+ Qxc8 25. Qxd6+ {Normal} 1-0

[Event "Rated Blitz game"]
[Site "?"]
[Date "2021.06.19"]
[Round "?"]
[White "Kastorcito"]
[Black "oxudchess"]
[Result "1-0"]
[WhiteElo "2676"]
[BlackElo "2606"]
[PlyCount "75"]
[EventDate "2021.??.??"]
[EventType "blitz"]

1. e4 e5 2. Nf3 Nc6 3. c3 Nf6 4. d3 d5 5. Nbd2 a5 6. Be2 a4 7. O-O Be7 8. Rb1
O-O 9. b4 axb3 10. axb3 d4 11. Bb2 dxc3 12. Bxc3 Nd7 13. b4 b5 14. Qb3 Kh8 15.
Qb2 f6 16. d4 exd4 17. Nxd4 Nxd4 18. Bxd4 c5 19. bxc5 Nxc5 20. Bxb5 Rb8 21. Qc3
Ne6 22. Be3 Bd6 23. Nf3 Bb7 24. Bd3 Qe7 25. Rfc1 Nf4 26. Bxf4 Bxf4 27. Re1 Rfc8
28. Qa1 Rd8 29. Rbd1 Rd6 30. Qa3 Rbd8 31. Bc2 g5 32. Rxd6 Rxd6 33. g3 Be5 34.
Nxe5 Qxe5 35. Qb4 Bc6 36. Re3 Kg7 37. Rc3 h5 38. Bb3 {Time forfeit} 1-0

[Event "Rated Blitz tournament BhlzSkj4"]
[Site "?"]
[Date "2021.06.19"]
[Round "?"]
[White "RISA_CMC"]
[Black "Ztl_chess"]
[Result "0-1"]
[WhiteElo "2422"]
[BlackElo "2254"]
[PlyCount "28"]
[EventDate "2021.??.??"]
[EventType "blitz"]

1. e4 e5 2. Nf3 Nc6 3. c3 Nf6 4. d4 d6 5. dxe5 Nxe4 6. Bb5 d5 7. O-O Bc5 8. Nd4
O-O 9. Nxc6 bxc6 10. Bxc6 Qh4 11. g3 Nxg3 12. Bxa8 Nxf1 13. Qxf1 Bh3 14. Qe1
Qg4+ {Normal} 0-1

[Event "Rated Blitz tournament j9qMs1Ru"]
[Site "?"]
[Date "2021.06.19"]
[Round "?"]
[White "Buddy15"]
[Black "MRMANiA"]
[Result "1-0"]
[WhiteElo "2253"]
[BlackElo "2462"]
[PlyCount "57"]
[EventDate "2021.??.??"]
[EventType "blitz"]

1. e4 e5 2. Nf3 Nc6 3. c3 Nf6 4. d4 Nxe4 5. Bd3 d5 6. dxe5 Bg4 7. Bf4 Be7 8.
O-O g5 9. Bg3 Nxg3 10. hxg3 Nxe5 11. Be2 Nxf3+ 12. gxf3 Be6 13. Re1 Qd7 14. Qd4
O-O 15. Nd2 c5 16. Qe3 b6 17. Bd3 Bf6 18. Rad1 Rad8 19. f4 Rfe8 20. fxg5 Bg4
21. Qf4 Bxd1 22. Rxd1 Bg7 23. Qh4 c4 24. Bxh7+ Kf8 25. Nf3 Qa4 26. Rd2 Qxa2 27.
g6 fxg6 28. Qf4+ Ke7 29. Re2+ {Time forfeit} 1-0

[Event "Rated Blitz game"]
[Site "?"]
[Date "2021.06.19"]
[Round "?"]
[White "Baluk"]
[Black "Andr123321"]
[Result "0-1"]
[WhiteElo "2376"]
[BlackElo "2535"]
[PlyCount "50"]
[EventDate "2021.??.??"]
[EventType "blitz"]

1. e4 e5 2. Nf3 Nc6 3. c3 d5 4. d4 dxe4 5. Ng5 exd4 6. Bc4 Nh6 7. O-O f5 8.
Qh5+ g6 9. Qd1 d3 10. h4 Bg7 11. h5 Qe7 12. f3 Qc5+ 13. Kh1 Qxc4 14. fxe4 Ng4
15. Qf3 O-O 16. Qh3 gxh5 17. Qxh5 h6 18. Na3 Qc5 19. Bf4 hxg5 20. Qxg5 Be6 21.
Rae1 Rf6 22. g3 Rh6+ 23. Kg2 Rh2+ 24. Kf3 Rf2+ 25. Rxf2 Qxf2# {Normal} 0-1

[Event "Rated Blitz game"]
[Site "?"]
[Date "2021.06.19"]
[Round "?"]
[White "Mulika13"]
[Black "Chaozu"]
[Result "0-1"]
[WhiteElo "2509"]
[BlackElo "2524"]
[PlyCount "64"]
[EventDate "2021.??.??"]
[EventType "blitz"]

1. e4 e5 2. Nf3 Nc6 3. c3 Nf6 4. d4 Nxe4 5. d5 Bc5 6. dxc6 Bxf2+ 7. Ke2 Bb6 8.
Be3 bxc6 9. Bxb6 axb6 10. Nbd2 Nf6 11. Kf2 e4 12. Qe1 d5 13. Kg1 O-O 14. Nd4 c5
15. Nc2 Re8 16. Bb5 Re7 17. a4 Bb7 18. Qh4 d4 19. Nf1 e3 20. Re1 Re4 21. Qh3
Qd5 22. Bd3 Rg4 23. Ng3 g6 24. c4 Qe5 25. Rf1 h5 26. Ne1 Rxa4 27. Nf3 Qd6 28.
Nh4 Rf4 29. Nf3 Rb4 30. Ne2 Rg4 31. Rb1 Ne4 32. Ne1 Nf2 {Time forfeit} 0-1